000 00329nam a2200121Ia 4500
008 220216s9999 xx 000 0 und d
100 _aPradeep B
245 0 _aKerala growers and their interest in rubber cultivation
260 _bEconomic and Political Weekly
500 _aSource Year: 2021
700 _aJacob J
942 _cJS
999 _c61848
_d61848